000 00199nam a2200097 4500
999 _c529932
_d529932
040 _cDLC
082 _a150.1986
_bSHA
100 _aShah, Qasim Ali
_912591
245 _aApni Talaash
942 _2ddc
_cBK